The world as information : overload and personal design

Αποθηκεύτηκε σε:
Λεπτομέρειες βιβλιογραφικής εγγραφής
Κύριος συγγραφέας: Abbott, Robert D.
Μορφή: Βιβλίο
Γλώσσα:English
Δημοσίευση: Exeter, England : Intellect, c1999
Θέματα:
Ετικέτες: Προσθήκη ετικέτας
Δεν υπάρχουν, Καταχωρήστε ετικέτα πρώτοι!

MARC

LEADER 00000nam a2200000 i 4500
001 1/102062
008 000222s1999 eng d
020 |a 1-871516-75-7 
035 |l 10057932 
040 |a GR-MY-UA  |b gre  |e aacr 
041 0 |a eng 
082 0 |a 303.4833 
100 1 |a Abbott, Robert D. 
245 1 4 |a The world as information :  |b overload and personal design /  |c Robert Abbott 
260 |a Exeter, England :   |b Intellect,   |c c1999 
300 |a 155 p. 
504 |a Includes index 
650 0 0 |a Information technology. 
852 |a INST  |b LESVOS  |e 20000222  |h 303.4833 ABB  |p 005100021500  |q 005100021500  |t BK  |y 4  |x 20000316 
901 |a BIBL1-2000-1 
909 |a Λ  |b 075482 
920 |a ΕΡΓΑΣΤΗΡΙΟ ΠΟΛΙΤΙΣΜΙΚΗΣ ΕΠΙΚΟΙΝΩΝΙΑΣ ΚΑΙ ΤΕΚΜΗΡΙΩΣΗΣ  |y ΛΕΣΒΟΣ  |z 2000-02 
970 |a ΤΖΑΦΕΡΗ  |b ΕΥΑΓΓΕΛΙΑ  |z 2000/02/22